| 000 | 00577nam a2200193Ia 4500 | ||
|---|---|---|---|
| 003 | OSt | ||
| 005 | 20230327153410.0 | ||
| 008 | 210423s2006 xx 000 0 und d | ||
| 040 | _cAL | ||
| 041 | _aeng | ||
| 082 |
_a547.28 _223 _bCHAM |
||
| 100 |
_aCHANDA (Manas). _978516 |
||
| 245 | _aIntroduction to polymer science and chemistry: a problem solving approach. | ||
| 260 |
_aNew York _bTaylor & Francis _c2006 |
||
| 300 | _axviii,640 | ||
| 365 |
_b5024 _cINR |
||
| 906 | _aapproach. ; chemistry: ; Introduction ; polymer ; problem ; science ; solving | ||
| 942 |
_2ddc _cBK |
||
| 999 |
_c154205 _d154205 |
||